000 00462nam a2200181Ia 4500
001 8639
005 20260306160624.0
008 260306t2012||||xx |||||||||||||| ||spa||
041 _aESP
082 _a371.2012
_bM84
100 _aMontero Alcaide, Antonio
_eAUT
245 0 _aSelección y evaluación de directores de centros educativos
260 _c2012
300 _a288 páginas :
_c24 cm.
650 _aGEN
654 _aCED
942 _cLIB
_dJUS
_fJUS
_2ddc
_n
999 _c8639
_d8639